| 000 | 00833cam a2200241 a 4500 | ||
|---|---|---|---|
| 001 | 3978033 | ||
| 005 | 20180124081506.0 | ||
| 008 | 950227s1996 caua b 001 0 eng | ||
| 010 | _a 95010090 | ||
| 020 | _a0818651628 | ||
| 040 |
_aDLC _cDLC _dDLC |
||
| 041 | _aeng | ||
| 080 | _a004.35 THO | ||
| 082 | 0 | 0 |
_a004.35 THO _220 |
| 100 | _a30 | ||
| 101 | _aSHK | ||
| 245 | 0 | 0 |
_aParallel computers : _cedited by Thomas L. Casavant, Pavel Tvrdík, František Plášil. |
| 504 | _aIncludes bibliographical references and index. | ||
| 906 |
_a7 _bcbc _corignew _d1 _eocip _f19 _gy-gencatlg |
||
| 942 |
_2ddc _cBK |
||
| 999 |
_c40877 _d40877 |
||